00577nam a22002057a 450000500170000001000130001702000220003003500130005203700160006504000120008108200150009310000180010824500620012626000450018827000470023330000360028050000210031665000160033765000180035320170124110046.0 aA-948384 c00.00a8174730885 aA-948384 bCen Lib/Ret aDPLbEN a796.1bBIN aBinmore, Ken  aFun and games :cby Ken Binmore ba text on game theory / aNew Delhi bA.I.T.B.S, Publishers c1999 bNew Delhi aj-5/6, krishana nagar e110051 avarious pagins;c21cm(Hb)bill. aIncludes index  aGame theory aFun and game